[Event "Cambridge Int Open 2023"]
[Site "Cambridge ENG"]
[Date "2023.02.16"]
[Round "3.39"]
[White "Britnell, Jonathan"]
[Black "Sellen, John"]
[Result "1-0"]
[WhiteElo "1708"]
[BlackElo "1547"]
[WhiteFideId "445932"]
[BlackFideId "432300"]
[EventDate "2023.02.15"]

1. e4 b6 2. d4 Bb7 3. Nc3 g6 4. Be3 Bg7 5. Qd2 a6 6. O-O-O e6 7. Be2 d6 8. f4 f5
9. Bf3 Nd7 10. Re1 Ne7 11. exf5 Bxf3 12. Nxf3 exf5 13. Ng5 Nf8 14. Bf2 h6 15.
Nd5 hxg5 16. Rxe7+ Qxe7 17. Nxe7 Kxe7 18. Qe2+ Kd7 19. Re1 Bf6 20. d5 Nh7 21.
Qe6+ Kd8 22. fxg5 Be5 23. Qxg6 Kc8 24. Qxf5+ Kb7 25. g6 Rhf8 26. Qd7 Rae8 27.
gxh7 Bf4+ 28. Kd1 Rxe1+ 29. Bxe1 Be5 30. Bc3 Rf1+ 31. Ke2 1-0

[Event "Cambridge Int Open 2023"]
[Site "Cambridge ENG"]
[Date "2023.02.16"]
[Round "3.41"]
[White "Sefton, Adam"]
[Black "Gibbs, Dominic V"]
[Result "1-0"]
[WhiteElo "1529"]
[BlackElo "1863"]
[WhiteFideId "343400965"]
[BlackFideId "412090"]
[EventDate "2023.02.15"]

1. d4 e6 2. c4 Nf6 3. Nc3 Bb4 4. Qc2 O-O 5. e4 c5 6. d5 Bxc3+ 7. bxc3 e5 8. Bd3
d6 9. Ne2 Nbd7 10. Ng3 Re8 11. Qe2 Nf8 12. h4 Ng6 13. Bg5 Nf4 14. Qd2 Nxd3+ 15.
Qxd3 h6 16. Nf5 Bxf5 17. exf5 e4 18. Qe3 Nxd5 19. cxd5 hxg5 20. hxg5 Kf8 21. Rb1
b6 22. Qf4 Ke7 23. Rh7 Kd7 24. Rxg7 Rf8 25. Kd2 Kc8 26. Re1 Rb8 27. Rxe4 Rb7 28.
f6 b5 29. Qe3 b4 30. cxb4 cxb4 31. Re7 Rc7 32. Rgxf7 1-0

[Event "Cambridge Int Open 2023"]
[Site "Cambridge ENG"]
[Date "2023.02.16"]
[Round "3.45"]
[White "Latypova, Olga L"]
[Black "Rastogi, Nayan Keats"]
[Result "0-1"]
[WhiteElo "1754"]
[BlackElo "1421"]
[WhiteFideId "472476"]
[BlackFideId "343407579"]
[EventDate "2023.02.15"]

1. e4 c5 2. Nf3 d6 3. d4 cxd4 4. Nxd4 Nf6 5. Nc3 a6 6. f3 e5 7. Nb3 Be6 8. Be3
h5 9. Nd5 Nxd5 10. exd5 Bf5 11. Bd3 Bxd3 12. Qxd3 Nd7 13. O-O-O Be7 14. Kb1 Rc8
15. f4 Bf6 16. g3 Nb6 17. Nd2 Qc7 18. Ne4 Qd8 19. Bxb6 Qxb6 20. Qa3 Ke7 21. Rhe1
Kd7 22. Rd3 Rc4 23. Rb3 Rxe4 24. Qa4+ Rxa4 25. Rxb6 Kc7 26. Rb3 exf4 0-1

[Event "Cambridge Int Open 2023"]
[Site "Cambridge ENG"]
[Date "2023.02.16"]
[Round "3.47"]
[White "Downey, Keith"]
[Black "Pride, Stephen C"]
[Result "1/2-1/2"]
[WhiteElo "1818"]
[BlackElo "1533"]
[WhiteFideId "10700250"]
[BlackFideId "419680"]
[EventDate "2023.02.15"]

1. Nf3 g6 2. c4 Bg7 3. d4 d6 4. Nc3 Nd7 5. e4 e6 6. g3 b6 7. Bg2 Bb7 8. O-O Ne7
9. Rb1 a5 10. b3 O-O 11. Be3 h6 12. Qd2 Kh7 13. Ne1 c6 14. f4 d5 15. Nc2 Nf6 16.
Kh1 dxe4 17. Nxe4 Nxe4 18. Bxe4 Qd7 19. Qg2 Nf5 20. Bf2 Rab8 21. Rbd1 Ba8 22. h3
Rfd8 23. Kh2 b5 24. c5 Ne7 25. Bf3 Nd5 26. Be1 a4 27. b4 Bb7 28. a3 Re8 29. Bd2
Rbd8 30. Rfe1 Bc8 31. Qf2 Re7 32. Re2 Rde8 33. Rde1 Qd8 34. Rd1 1/2-1/2

[Event "Cambridge Int Open 2023"]
[Site "Cambridge ENG"]
[Date "2023.02.16"]
[Round "3.48"]
[White "Li, Evan"]
[Black "Swanson, George"]
[Result "1-0"]
[WhiteElo "1394"]
[BlackElo "1792"]
[WhiteFideId "486884"]
[BlackFideId "343413889"]
[EventDate "2023.02.15"]

1. e4 c6 2. d4 d5 3. exd5 cxd5 4. Nf3 Nc6 5. c4 Nf6 6. Nc3 Bg4 7. cxd5 Nxd5 8.
Be2 g6 9. h3 Bxf3 10. Bxf3 e6 11. Qb3 Nxd4 12. Qa4+ Nc6 13. O-O Bg7 14. Nxd5 O-O 1-0

[Event "Cambridge Int Open 2023"]
[Site "Cambridge ENG"]
[Date "2023.02.16"]
[Round "3.51"]
[White "Bryant, Harry"]
[Black "Kent, Rowan"]
[Result "1-0"]
[WhiteElo "1686"]
[BlackElo "1247"]
[WhiteFideId "489158"]
[BlackFideId "460931"]
[EventDate "2023.02.15"]

1. e4 e5 2. Nf3 Nc6 3. Bb5 a6 4. Ba4 Nf6 5. O-O b5 6. Bb3 Be7 7. d4 d6 8. dxe5
Nxe5 9. Nxe5 dxe5 10. Qxd8+ Bxd8 11. a4 b4 12. Be3 a5 13. Nd2 O-O 14. f3 Nd7 15.
Rad1 Nb6 16. Bxb6 cxb6 17. Nc4 Bc7 18. Nd6 Ba6 19. Rf2 Bxd6 20. Rxd6 Rfd8 21.
Rfd2 Rxd6 22. Rxd6 Rb8 23. Rd7 Rf8 24. Re7 g6 25. Rxe5 Kg7 26. Re7 Kf6 27. Ra7
Bc8 28. Rc7 Ke5 29. Bxf7 Kf4 30. Kf2 Ba6 31. h4 Rd8 32. Bd5 Re8 33. g3+ Ke5 34.
Ke3 Rd8 35. Rc6 Bc8 36. f4# 1-0

[Event "Cambridge Int Open 2023"]
[Site "Cambridge ENG"]
[Date "2023.02.16"]
[Round "3.53"]
[White "Warner, Nicholas"]
[Black "Weersing, Nathan"]
[Result "1-0"]
[WhiteElo "1735"]
[BlackElo "1451"]
[WhiteFideId "343414400"]
[BlackFideId "467936"]
[EventDate "2023.02.15"]

1. f4 Nf6 2. b3 d5 3. Nf3 e6 4. e3 b6 5. Be2 Bb7 6. O-O Bd6 7. Bb2 Nbd7 8. Ne5
a6 9. g4 h6 10. Qe1 c5 11. Qh4 Nh7 12. Qxd8+ Rxd8 13. Nxd7 Kxd7 14. Bxg7 Rhg8
15. Bxh6 f6 16. h4 Rg6 17. g5 Rdg8 18. Kf2 fxg5 19. hxg5 Rh8 20. Bd3 Rgg8 21.
Nc3 e5 22. Bxh7 Rxh7 23. Ne2 exf4 24. Nxf4 Rf7 25. Ke2 d4 26. Nh5 Ke6 27. Rxf7
Kxf7 28. Rf1+ Ke6 29. Ng7+ Kd7 30. Rf7+ Kc6 31. Nf5 Rd8 32. exd4 a5 33. d5+ Kxd5
34. Rxb7 Re8+ 35. Kd3 Kc6 36. Nxd6 Kxd6 37. Rxb6+ Kc7 38. Ra6 Re5 39. g6 Kb7 40.
Rf6 Rd5+ 41. Ke4 Rd4+ 42. Ke5 a4 43. g7 Rg4 44. Kf5 Rg2 45. Bg5 axb3 46. axb3
Rf2+ 47. Kg6 Rxf6+ 48. Bxf6 c4 49. g8=Q cxb3 50. Qxb3+ Kc6 51. Kf5 Kc5 52. Ke5
Kc6 53. d4 Kd7 54. d5 Kc8 55. Bg7 Kc7 56. d6+ Kc6 57. Qd5+ Kd7 58. c4 Ke8 59.
Ke6 Kd8 60. Qa8# 1-0

[Event "Cambridge Int Open 2023"]
[Site "Cambridge ENG"]
[Date "2023.02.16"]
[Round "3.57"]
[White "Lazarevic, Ljubica"]
[Black "Walker, Heather Enid"]
[Result "1-0"]
[WhiteElo "1495"]
[BlackElo "1280"]
[WhiteFideId "418765"]
[BlackFideId "343402127"]
[EventDate "2023.02.15"]

1. e4 Nf6 2. Nc3 e5 3. Nf3 Nc6 4. Bc4 Bc5 5. O-O O-O 6. d3 d6 7. h3 a6 8. a3 b5
9. Ba2 Re8 10. Ng5 Kf8 11. Nxf7 Qd7 12. Ng5 Nd8 13. Qf3 Ne6 14. Nxh7+ Ke7 15.
Nxf6 gxf6 16. Nd5+ Kf7 17. Qxf6+ Kg8 18. Qg6+ Kh8 19. Nf6 1-0

[Event "Cambridge Int Open 2023"]
[Site "Cambridge ENG"]
[Date "2023.02.16"]
[Round "3.59"]
[White "Portheault, Benjamin"]
[Black "Soulier, Arne"]
[Result "1-0"]
[WhiteElo "1498"]
[BlackElo "1120"]
[WhiteFideId "456373"]
[BlackFideId "494496"]
[EventDate "2023.02.15"]

1. b3 Nf6 2. Bb2 b6 3. e3 Bb7 4. Nf3 g6 5. d4 Bg7 6. c4 O-O 7. Nc3 d6 8. Be2
Nbd7 9. h3 c5 10. d5 Ne4 11. Qc2 f5 12. Nxe4 Bxb2 13. Qxb2 fxe4 14. Ng5 Qe8 15.
Nxe4 Qf7 16. O-O Ne5 17. Qd2 Bc8 18. Ng3 Qf6 19. Kh2 Qh4 20. Qd1 Rf6 21. f4 Nf7
22. Ne4 Rf5 23. Bg4 1-0

[Event "Cambridge Int Open 2023"]
[Site "Cambridge ENG"]
[Date "2023.02.16"]
[Round "4.1"]
[White "Fernandez, Daniel Howard"]
[Black "Clarke, Brandon G I"]
[Result "1-0"]
[WhiteTitle "GM"]
[BlackTitle "IM"]
[WhiteElo "2481"]
[BlackElo "2473"]
[WhiteFideId "5801605"]
[BlackFideId "400319"]
[EventDate "2023.02.15"]

1. d4 Nf6 2. Nf3 g6 3. Bg5 Bg7 4. Nbd2 O-O 5. c3 d6 6. a4 h6 7. Bxf6 Bxf6 8. a5
Bg7 9. Nc4 Nd7 10. h4 c5 11. g3 cxd4 12. Nxd4 d5 13. Nd2 e5 14. Nc2 f5 15. Bg2
Nf6 16. Nb3 Qd6 17. Qd3 Be6 18. Qb5 Rac8 19. e3 a6 20. Qa4 Ng4 21. Qa3 Qc7 22.
Nb4 Qf7 23. Nd2 d4 24. e4 Nxf2 25. O-O dxc3 26. bxc3 Ng4 27. c4 Qe7 28. Nd5 Qxa3
29. Rxa3 Rf7 30. h5 Bf8 31. hxg6 Bxa3 32. gxf7+ Bxf7 33. exf5 Bc5+ 34. Kh1 Ne3
35. Rb1 Nxg2 36. Kxg2 Bf8 37. Kh3 e4 38. Nxe4 Rxc4 39. Nef6+ Kg7 40. Rxb7 Bd6
41. Ne8+ Kf8 42. Nxd6 1-0

[Event "Cambridge Int Open 2023"]
[Site "Cambridge ENG"]
[Date "2023.02.16"]
[Round "4.2"]
[White "Bosiocic, Marin"]
[Black "Roberson, Peter T"]
[Result "0-1"]
[WhiteTitle "GM"]
[BlackTitle "IM"]
[WhiteElo "2564"]
[BlackElo "2426"]
[WhiteFideId "14507927"]
[BlackFideId "412384"]
[EventDate "2023.02.15"]

1. Nf3 d5 2. d4 Nf6 3. c4 c6 4. Qc2 dxc4 5. Qxc4 Bf5 6. g3 e6 7. Bg2 Be7 8. O-O
O-O 9. Nbd2 a5 10. Ne5 h6 11. e4 Bh7 12. f3 Nbd7 13. Nxd7 Nxd7 14. Nb3 Nb6 15.
Qc3 Bb4 16. Qe3 a4 17. Nc5 e5 18. dxe5 Nc4 19. Qf2 b6 20. Nb7 Qd7 21. Qe2 Nxe5
22. f4 Ng6 23. a3 Be7 24. e5 Qxb7 25. f5 Bc5+ 26. Kh1 Ne7 27. f6 Ng6 28. fxg7
Rfe8 29. Bxh6 Rxe5 30. Qc4 Rh5 31. Bd2 Kxg7 32. Bc3+ Kg8 33. Rf6 Rd8 34. Bxc6
Qc7 35. Raf1 Nh8 36. Qg4+ Bg6 37. Be4 Rh6 38. Rc6 Qd7 39. Qg5 Rh5 40. Qf4 Qh3
41. Rxg6+ fxg6 42. g4 Bd6 43. Qf2 Qxh2+ 44. Qxh2 Rxh2+ 45. Kg1 Rh7 46. Bd5+ Nf7
47. Kg2 Bc5 48. Bc4 Kf8 49. Rf6 Rd6 50. Rf1 Ke7 51. Re1+ Kd8 52. Bb5 Kc7 53.
Re7+ Kb8 54. Re8+ Rd8 55. Re6 Nd6 56. Bxa4 b5 57. Bd1 Nc4 58. Bf3 Re7 59. Rxg6
Ne5 60. Rg5 Nxf3 61. Rxc5 Nd4 62. g5 Re4 63. Bxd4 Rdxd4 64. Rxb5+ Kc7 65. Kf3
Rh4 66. Rf5 Rd3+ 67. Kg2 Rg4+ 68. Kf2 Rb3 69. Rc5+ Kb6 70. Rc2 Rxg5 0-1

[Event "Cambridge Int Open 2023"]
[Site "Cambridge ENG"]
[Date "2023.02.16"]
[Round "4.4"]
[White "Dong, Bao Nghia"]
[Black "Dardha, Daniel"]
[Result "1/2-1/2"]
[WhiteTitle "FM"]
[BlackTitle "GM"]
[WhiteElo "2361"]
[BlackElo "2612"]
[WhiteFideId "12400343"]
[BlackFideId "240990"]
[EventDate "2023.02.15"]

1. d4 Nf6 2. Nf3 b6 3. g3 Bb7 4. Bg2 g6 5. O-O Bg7 6. Nbd2 c5 7. c3 O-O 8. Re1
d5 9. c4 dxc4 10. Nxc4 Na6 11. dxc5 Nxc5 12. Be3 Qc8 13. Qc1 Ng4 14. h3 Nxe3 15.
Qxe3 Qe6 16. Qxe6 Nxe6 17. Rac1 Rac8 18. b3 b5 19. Nce5 Rfd8 20. h4 Rxc1 21.
Rxc1 Bxe5 22. Nxe5 Bxg2 23. Kxg2 Rd2 24. a4 bxa4 25. bxa4 Rxe2 26. Nc6 a6 27.
Nxe7+ Kg7 28. Rc4 Rd2 29. Nc6 h5 30. a5 Rd5 31. Rb4 Nc5 32. Nb8 Rd2 33. Rc4 Nd3
34. Nxa6 Rxf2+ 35. Kg1 Rf5 36. Ra4 Nb2 37. Rb4 Rxa5 38. Rxb2 Rxa6 39. Rf2 Rf6
40. Ra2 Rf5 41. Kg2 Re5 42. Rf2 Kf8 43. Ra2 Ke7 44. Ra6 Rd5 45. Rb6 f6 46. Rb2
Ke6 47. Re2+ Kd6 48. Re8 Ra5 49. Rg8 Ke6 50. Re8+ Kf5 51. Re2 Ra4 52. Kh3 Rb4
53. Rf2+ Ke5 54. Re2+ Re4 55. Ra2 Rd4 56. Re2+ Re4 57. Ra2 Ke6 58. Ra6+ Kf5 59.
Ra2 g5 60. hxg5 fxg5 61. Rf2+ Kg6 62. Ra2 Re5 63. Rf2 Re3 64. Kg2 Rb3 65. Ra2
Re3 66. Rf2 g4 67. Ra2 Kf5 68. Ra5+ Re5 69. Ra2 Rd5 70. Re2 Rd4 71. Kf2 Rd5 72.
Kg2 Re5 73. Ra2 Ke4 74. Ra4+ Kd3 75. Ra3+ Kd2 76. Ra2+ Kc3 77. Rf2 Kd3 78. Rf8
Re2+ 79. Kf1 Rb2 80. Re8 Rb5 81. Kf2 Kd4 82. Re2 1/2-1/2

[Event "Cambridge Int Open 2023"]
[Site "Cambridge ENG"]
[Date "2023.02.16"]
[Round "4.5"]
[White "Korneev, Oleg"]
[Black "Saunders, Aron"]
[Result "1-0"]
[WhiteTitle "GM"]
[WhiteElo "2485"]
[BlackElo "2109"]
[WhiteFideId "4156803"]
[BlackFideId "469343"]
[EventDate "2023.02.15"]

1. e4 c6 2. d4 d5 3. Nc3 dxe4 4. Nxe4 Bf5 5. Ng3 Bg6 6. h4 h6 7. Nf3 Nd7 8. Bd3
Bxd3 9. Qxd3 e6 10. Bf4 Qa5+ 11. Bd2 Bb4 12. Ne4 Bxd2+ 13. Nfxd2 Qb4 14. a3 Qe7
15. Qg3 Ngf6 16. Nd6+ Kf8 17. O-O-O Nb6 18. N6e4 Rd8 19. Nxf6 Qxf6 20. Ne4 Qe7
21. Kb1 Nd5 22. c4 Nf6 23. Rhe1 h5 24. Ng5 Rh6 25. f4 Qd6 26. Qb3 Qd7 27. f5 Re8
28. fxe6 fxe6 29. Ka1 Kg8 30. d5 cxd5 31. cxd5 exd5 32. Rxe8+ Qxe8 33. Qxb7 1-0

[Event "Cambridge Int Open 2023"]
[Site "Cambridge ENG"]
[Date "2023.02.16"]
[Round "4.6"]
[White "Czopor, Maciej"]
[Black "Bradbury, Neil H"]
[Result "1-0"]
[WhiteTitle "FM"]
[BlackTitle "IM"]
[WhiteElo "2412"]
[BlackElo "2200"]
[WhiteFideId "21805431"]
[BlackFideId "400513"]
[EventDate "2023.02.15"]

1. e4 c6 2. d4 d5 3. e5 Bf5 4. Nf3 e6 5. Be2 c5 6. Be3 Nc6 7. dxc5 Nh6 8. c3 Bg4
9. Nd4 Bxe2 10. Qxe2 Qd7 11. b4 Nf5 12. Nxf5 exf5 13. O-O Be7 14. Bd4 b6 15. Qe3
bxc5 16. Bxc5 O-O 17. Rd1 f4 18. Qxf4 Bxc5 19. bxc5 f6 20. e6 Qxe6 21. Nd2 Qe7
22. Nb3 Rfe8 23. h3 Rad8 24. Rd2 Qe5 25. Qa4 Qc7 26. Rad1 Re4 27. Qa6 Rde8 28.
g3 Ne7 29. Kg2 Kf7 30. Rd4 Re6 31. Qd3 g6 32. c4 dxc4 33. Qxc4 Qc6+ 34. Kg1 Nf5
35. Na5 Qf3 36. R4d3 Ne3 37. fxe3 Qxg3+ 38. Kf1 Kf8 39. Qg4 Qc7 40. Nb3 f5 41.
Qf4 Qb7 42. Kf2 Re4 43. Qh6+ 1-0

[Event "Cambridge Int Open 2023"]
[Site "Cambridge ENG"]
[Date "2023.02.16"]
[Round "4.7"]
[White "Bazakutsa, Svyatoslav"]
[Black "Grieve, Harry"]
[Result "1/2-1/2"]
[WhiteTitle "FM"]
[BlackTitle "IM"]
[WhiteElo "2330"]
[BlackElo "2442"]
[WhiteFideId "14198525"]
[BlackFideId "426520"]
[EventDate "2023.02.15"]

1. c4 e6 2. Nf3 d5 3. e3 Nf6 4. b3 b6 5. Bb2 Bb7 6. Nc3 Nbd7 7. cxd5 exd5 8. Ne2
c5 9. Ng3 g6 10. Bb5 Bg7 11. d4 O-O 12. Rc1 Rc8 13. O-O a6 14. Bd3 Re8 15. Qe2
Ra8 16. Rfd1 h5 17. Qf1 Bf8 18. Ne2 Bd6 19. h3 Qe7 20. Nc3 Ne4 21. dxc5 bxc5 22.
Bxe4 dxe4 23. Nd2 Bc7 24. Nc4 Nf6 25. Qe2 Rad8 26. Rxd8 Rxd8 27. Rd1 Bc6 28. Qc2
Bb8 29. Rxd8+ Qxd8 30. Ne2 Nd5 31. Ne5 Nb4 32. Qxc5 Qd1+ 33. Kh2 Bd6 34. Qa5 Qd5
35. Qd8+ Kh7 36. Qf6 Nd3 37. Nf4 Bxe5 38. Bxe5 Qxe5 39. Qxc6 g5 40. Qd5 gxf4 41.
Qxf7+ Kh6 42. Qf8+ Kg6 43. Qg8+ Kf6 44. Qf8+ Ke6 45. Qe8+ Kd5 46. Qa8+ Kc5 47.
Qc8+ Kb4 48. Qc4+ Ka5 49. Kg1 Qa1+ 50. Kh2 Qe5 51. Kg1 fxe3 52. fxe3 Qa1+ 53.
Kh2 Qe5+ 54. Kg1 h4 55. Qc6 Qa1+ 56. Kh2 Qe5+ 57. Kg1 Kb4 58. Qc4+ Ka3 59. Qxa6+
Kb2 60. Qc4 Qf5 61. Kh2 Qe5+ 62. Kg1 Qf5 63. Kh2 Qg6 64. Kg1 Nc1 65. b4 Qg3 66.
Qd4+ Kxa2 67. Qc4+ Kb2 68. Qd4+ Kc2 69. Qxe4+ Kd2 70. Qd5+ Ke1 71. Qf3 Ne2+ 72.
Kh1 Qe5 73. Qg4 Ng3+ 74. Kg1 Qxe3+ 75. Kh2 Nf1+ 76. Kh1 Ng3+ 77. Kh2 Qe5 78.
Qxh4 Kf2 79. b5 Qe3 80. Qf6+ Ke1 81. Qa1+ Ke2 82. Qb2+ Ke1 83. Qa1+ Ke2 84. Qb2+
Ke1 85. Qa1+ 1/2-1/2

[Event "Cambridge Int Open 2023"]
[Site "Cambridge ENG"]
[Date "2023.02.16"]
[Round "4.8"]
[White "Hebden, Mark L"]
[Black "Crocker, Philip J"]
[Result "0-1"]
[WhiteTitle "GM"]
[WhiteElo "2454"]
[BlackElo "2128"]
[WhiteFideId "400084"]
[BlackFideId "403180"]
[EventDate "2023.02.15"]

1. d4 d5 2. Nf3 Nf6 3. c4 c6 4. Nc3 e6 5. Bg5 dxc4 6. g3 b5 7. Bg2 Bb7 8. O-O
Be7 9. a4 a6 10. e4 O-O 11. e5 Nd5 12. Ne4 Nd7 13. h4 c5 14. Re1 Nb4 15. Nd6
Bxf3 16. Bxf3 Rb8 17. axb5 axb5 18. Bxe7 Qxe7 19. Be4 f5 20. Bb1 cxd4 21. Qxd4
Nc6 22. Qf4 Ndxe5 23. Ra6 Qxd6 24. Rxc6 Qxc6 25. Rxe5 Rbd8 26. Bc2 Rd5 27. Re1
e5 28. Qg5 Qf6 29. Qe3 Rfd8 30. g4 fxg4 31. b3 Rd2 32. Be4 c3 33. b4 Rf8 34. Rf1
Qf4 0-1

[Event "Cambridge Int Open 2023"]
[Site "Cambridge ENG"]
[Date "2023.02.16"]
[Round "4.9"]
[White "Arkell, Keith C"]
[Black "Southcott-Moyers, Indy"]
[Result "1/2-1/2"]
[WhiteTitle "GM"]
[WhiteElo "2404"]
[BlackElo "2077"]
[WhiteFideId "400270"]
[BlackFideId "488542"]
[EventDate "2023.02.15"]

1. d4 d5 2. Nf3 Nf6 3. c4 c6 4. Nc3 dxc4 5. a4 Bf5 6. Nh4 e6 7. Nxf5 exf5 8. Bg5
Be7 9. e3 Nbd7 10. Bxc4 O-O 11. O-O Ne4 12. Bxe7 Qxe7 13. Nxe4 fxe4 14. Qb3 Nf6
15. a5 Rad8 16. Rfc1 a6 17. Qa3 Rfe8 18. Qxe7 Rxe7 19. Bb3 Kf8 20. Rc5 Nd7 21.
Rc3 Nf6 22. h3 Red7 23. g4 Nd5 24. Rc5 g5 25. Kg2 h6 26. h4 Kg7 27. hxg5 hxg5
28. Kg3 f6 29. Ra3 Nc7 30. Bc4 Ne8 31. Ra1 Nc7 32. Bb3 Nd5 33. Bxd5 Rxd5 34. b4
Kg6 35. Rh1 Kg7 36. f3 exf3 37. Kxf3 Kg6 38. Ke4 R5d6 39. Kd3 R8d7 40. Rc2 f5
41. gxf5+ Kxf5 42. Rf2+ Kg6 43. Rf8 Rg7 44. Rfh8 Kf7 45. e4 g4 46. e5 Rdg6 47.
Rf1+ Ke7 48. Rg1 g3 49. Rg2 Rg4 50. Kc4 Ke6 51. Re8+ Kd7 52. Rf8 Kc7 53. Rf3 Kd7
54. Kc5 Kc7 55. d5 cxd5 56. Kxd5 Kd7 57. Rb3 Ke8 58. b5 axb5 59. Rxb5 R4g6 60.
Rb3 Rd7+ 61. Ke4 Rdg7 62. Rc3 Ra6 63. Rc8+ Kd7 64. Rgc2 Rc6 65. R8xc6 bxc6 66.
Rg2 Ke6 67. Kf4 1/2-1/2

[Event "Cambridge Int Open 2023"]
[Site "Cambridge ENG"]
[Date "2023.02.16"]
[Round "4.10"]
[White "Murphy, Hugh W"]
[Black "Gormally, Daniel W"]
[Result "0-1"]
[BlackTitle "GM"]
[WhiteElo "2111"]
[BlackElo "2448"]
[WhiteFideId "422444"]
[BlackFideId "406465"]
[EventDate "2023.02.15"]

1. d4 Nf6 2. Nf3 d5 3. e3 e6 4. Bd3 c5 5. b3 Nc6 6. Bb2 cxd4 7. exd4 Be7 8. Nbd2
O-O 9. O-O Nb4 10. Be2 b6 11. a3 Nc6 12. Bd3 Bb7 13. Qe2 Qc7 14. c4 Rfd8 15.
Rac1 dxc4 16. bxc4 Rac8 17. Rfe1 Qf4 18. d5 exd5 19. cxd5 Nxd5 20. Bc4 Bf8 21.
Ne5 Nxe5 22. Bxe5 Qh6 23. Rcd1 Nf4 24. Bxf7+ Kh8 25. Qe3 Qg5 26. g3 Nh3+ 27. Kf1
Qxe3 28. fxe3 Rc2 29. Bd4 Bxa3 30. Bb3 Rf8+ 31. Ke2 Ba6+ 0-1

[Event "Cambridge Int Open 2023"]
[Site "Cambridge ENG"]
[Date "2023.02.16"]
[Round "4.12"]
[White "Golubovic, Boris"]
[Black "Pert, Max"]
[Result "1-0"]
[WhiteTitle "IM"]
[WhiteElo "2349"]
[BlackElo "1793"]
[WhiteFideId "14502160"]
[BlackFideId "456845"]
[EventDate "2023.02.15"]

1. e4 c6 2. Nf3 d5 3. Nc3 Bg4 4. h3 Bxf3 5. Qxf3 Nf6 6. d3 e6 7. Be2 Be7 8. Qg3
O-O 9. Bh6 Ne8 10. Bf4 Nd7 11. O-O Qb6 12. Rab1 Qc5 13. Bd1 Qa5 14. a3 Bf6 15.
e5 Be7 16. Ne2 Qb5 17. Nd4 Qb6 18. Be3 c5 19. Nf3 Qc7 20. c3 f5 21. c4 d4 22.
Bd2 Kh8 23. b4 b6 24. h4 Rg8 25. Re1 h6 26. Qh3 Nf8 27. g4 fxg4 28. Qxg4 Nh7 29.
Qxe6 g5 30. Re4 Ng7 31. Qxh6 Nf5 32. Qh5 Nxh4 33. Kf1 Raf8 34. bxc5 bxc5 35.
Nxh4 gxh4 36. Bg4 Bg5 37. f4 Qc6 38. Ke2 Be7 39. Bf5 Rg2+ 40. Kf1 Rxf5 41. Qxf5
Rxd2 42. Rb8+ Kg7 43. Qg4+ Kh6 44. Rg8 Ng5 45. fxg5+ Kh7 46. Rc8 Qb6 47. Qxh4+
Kg7 48. Qh8+ Kg6 49. Rg8+ Kf5 50. Qh3# 1-0

[Event "Cambridge Int Open 2023"]
[Site "Cambridge ENG"]
[Date "2023.02.16"]
[Round "4.13"]
[White "Jermy, Jaden"]
[Black "Hunt, Harriet V"]
[Result "0-1"]
[BlackTitle "IM"]
[WhiteElo "1798"]
[BlackElo "2349"]
[WhiteFideId "459496"]
[BlackFideId "403512"]
[EventDate "2023.02.15"]

1. d4 Nf6 2. Nf3 e6 3. Bf4 c5 4. e3 cxd4 5. exd4 b6 6. Nbd2 Be7 7. Bd3 Bb7 8. c3
O-O 9. Qe2 d6 10. h3 Nbd7 11. O-O a6 12. Rfe1 Re8 13. Bh2 Bf8 14. Rad1 Qc7 15.
Bc2 Qc6 16. Qc4 b5 17. Qxc6 Bxc6 18. Ne4 Nxe4 19. Bxe4 Bxe4 20. Rxe4 Nb6 21. Re2
Rec8 22. Bf4 a5 23. a3 h6 24. Bd2 Rc4 25. Be1 Rc6 26. Kh2 Rb8 27. Nd2 d5 28. Nb3
Nc4 29. Nc1 f6 30. g3 Kf7 31. Kg2 g5 32. Nd3 Bd6 33. Ra1 h5 34. b4 Ra8 35. Rea2
Rca6 36. Nc1 g4 37. hxg4 hxg4 38. a4 axb4 39. axb5 Rxa2 40. Nxa2 b3 0-1

[Event "Cambridge Int Open 2023"]
[Site "Cambridge ENG"]
[Date "2023.02.16"]
[Round "4.14"]
[White "Larchikov, Maksym"]
[Black "Wall, Tim P"]
[Result "0-1"]
[BlackTitle "FM"]
[WhiteElo "1901"]
[BlackElo "2239"]
[WhiteFideId "34120815"]
[BlackFideId "401641"]
[EventDate "2023.02.15"]

1. d4 b6 2. e4 Bb7 3. Bd3 e6 4. Nf3 d5 5. e5 Qc8 6. O-O Ba6 7. c3 Ne7 8. Na3
Bxd3 9. Qxd3 Nf5 10. Nc2 Qa6 11. Qxa6 Nxa6 12. Ne3 Nxe3 13. Bxe3 Be7 14. h4 c5
15. g3 Rc8 16. Rac1 c4 17. Ne1 h5 18. f4 g6 19. a4 Nb8 20. Nc2 Nc6 21. Rfd1 Kd7
22. Bd2 Na5 23. Be1 Rc7 24. Kf2 Rb7 25. Ra1 Rhb8 26. Ra2 a6 27. Ke3 Ra8 28. Rda1
Rba7 29. Ke2 Nb3 30. Rd1 b5 31. axb5 axb5 32. Rxa7+ Rxa7 33. Ke3 f6 34. exf6
Bxf6 35. Kf3 Ra8 36. Ke3 Be7 37. Rb1 Bd6 38. Kf3 Ke7 39. Ke3 Kd7 40. Rd1 Kc6 41.
Nb4+ Kb6 42. Rb1 Rf8 43. Rd1 Ka5 44. Nc6+ Kb6 45. Nb4 Rf7 46. Rb1 Ra7 47. Nc2
Kc6 48. Rd1 Ra2 49. Rb1 Kd7 50. Kf3 Ra8 51. Rd1 Ke7 52. Ke3 Kf6 53. Kf3 Ra2 54.
Rb1 Na5 55. Ne3 Nc6 56. Nc2 Ra4 57. b4 cxb3 58. Rxb3 Ra2 59. Rxb5 Rxc2 60. Rb6
Bxf4 61. Kxf4 Ne7 62. Rb7 Re2 63. Rb1 Nf5 64. Rd1 Nd6 65. Kf3 Rc2 66. Rd3 Kf5
67. Bd2 Ne4 68. Be1 Nf6 69. Rd1 Ne4 70. Rd3 g5 71. hxg5 Nxg5+ 72. Ke3 Kg4 73.
Rd1 Ne4 74. Kd3 Rf2 75. Ke3 Rf3+ 76. Ke2 Rxc3 0-1

[Event "Cambridge Int Open 2023"]
[Site "Cambridge ENG"]
[Date "2023.02.16"]
[Round "4.15"]
[White "Villiers, Thomas"]
[Black "Dasgupta, Avyukt"]
[Result "1-0"]
[WhiteTitle "CM"]
[WhiteElo "2186"]
[BlackElo "1888"]
[WhiteFideId "427209"]
[BlackFideId "480630"]
[EventDate "2023.02.15"]

1. Nf3 d5 2. b3 Nf6 3. Bb2 c6 4. e3 Bg4 5. Be2 Bxf3 6. Bxf3 g6 7. d4 Bg7 8. Nd2
O-O 9. O-O e5 10. c4 e4 11. Be2 Nfd7 12. Qc2 f5 13. Rac1 Nf6 14. cxd5 cxd5 15.
Qc7 Qxc7 16. Rxc7 Rf7 17. Rfc1 Nc6 18. Rxf7 Kxf7 19. Ba6 Nb4 20. Rc7+ Kg8 21.
Bxb7 Rb8 22. a3 Ne8 23. Rc8 Rxb7 24. Rxe8+ Kf7 25. Rc8 Nd3 26. Bc3 f4 27. b4
fxe3 28. fxe3 Bh6 29. Nf1 Ke6 30. Rc6+ Kd7 31. Ra6 Rc7 32. Bd2 Nb2 33. Kf2 Nd3+
34. Ke2 Kc8 35. Ng3 Rf7 36. Nh1 Rc7 37. Ra5 Rd7 38. Nf2 Nxf2 39. Kxf2 Bf8 40.
Ke2 Kb7 41. b5 Bd6 42. h3 Rc7 43. Ra6 Rd7 44. a4 Be7 45. Re6 Bd8 46. Be1 Rc7 47.
Ba5 Re7 48. Ra6 Bxa5 49. Rxa5 Re6 50. b6 Rxb6 51. Rxd5 Rb2+ 52. Kf1 Kc6 53. Re5
Rb4 54. Rxe4 Rxa4 55. d5+ 1-0